Parasitic bees of the genus Holcopasites Ashmead, Hymenoptera: Apoidea
Պահպանված է:
| Հիմնական հեղինակ: | |
|---|---|
| Այլ հեղինակներ: | |
| Ձևաչափ: | Գիրք |
| Լեզու: | անգլերեն |
| Հրապարակվել է: |
Washington, D.C, USA
Smithsonian Institution
1972
|
| Շարք: | Smithsonian Contributions to Zoology.
114 |
| Խորագրեր: | |
| Ցուցիչներ: |
Ավելացրեք ցուցիչ
Չկան պիտակներ, Եղեք առաջինը, ով նշում է այս գրառումը!
|
MARC
| LEADER | 00000nam a2200000 a 4500 | ||
|---|---|---|---|
| 001 | UCL7595 | ||
| 003 | CL-VaPUC | ||
| 005 | 20221122074350.0 | ||
| 008 | 040528e19720000US |||||||||||||||||eng|d | ||
| 999 | |c 309234 |d 309232 | ||
| 040 | |c Pontificia Universidad Católica de Valparaíso | ||
| 082 | 0 | 4 | |a 595.799 HUR 1972 |2 21 |
| 100 | 0 | |a Hurd, Paul D |9 485403 | |
| 245 | 1 | 0 | |a Parasitic bees of the genus Holcopasites Ashmead, Hymenoptera: Apoidea |
| 260 | 0 | 3 | |a Washington, D.C, USA |b Smithsonian Institution |c 1972 |
| 300 | |a 41 páginas. | ||
| 490 | 0 | |a Smithsonian Contributions to Zoology. |v 114 | |
| 583 | |a last modification |c 20040528 00:00:00 |k Rodrigo Vera | ||
| 650 | 0 | |a Himenópteros |9 331931 | |
| 650 | 0 | |a Insectos |9 264174 | |
| 650 | 7 | |a ESPECIES |2 CL-VaPUC |9 331928 | |
| 650 | 0 | |a Distribución geográfica |9 260005 | |
| 650 | 0 | |a Taxonomia |9 341054 | |
| 650 | 0 | |a Abejas (Apoidea) |9 269522 | |
| 700 | 0 | |a Linsley, E. Gorton |9 485404 | |
| 942 | |c BK |2 ddc | ||
| 945 | |d 20040528 00:00:00 |a cmena | ||